abc the20th ペーパー通過者 - Statistics

General Stats
  • This quiz has been taken 24 times
  • The average score is 28 of 48
Answer Stats
順位 所属 学年 Answer % Correct
1 京都大 大4 吉原主税
91%
31 東京都立大 大2 東問
87%
2 東大寺学園高 高2 松崎颯樹
83%
4 京都大 大4 鈴木幸多朗
78%
21 東京都立大 大3 倉門怜央
78%
11 京都大 大2 木村秀太
74%
17 東京大 大2 上野李王
74%
20 熊本大 大3 江頭春樹
74%
29 早稲田大 大2 高橋響
74%
41 京都大 大1 押切真大
74%
14 筑波大 大4 大塚竜司
70%
33 東京大 大2 東言
70%
7 京都大 大3 長野春太
65%
9 早稲田大 大3 植木陽平
65%
10 北海道大 大2 山口侑大
65%
3 大阪大 大4 野田雅寛
61%
5 大阪大 大4 大治有人
61%
12 岡山大 大3 蒲生和弥
61%
39 国際基督教大 大2 永野裕嗣
61%
43 東京大 大4 齋藤和
61%
6 東京大 大3 植田遥大
57%
16 東京大 大3 太田原裕都
57%
19 お茶の水女子大 大4 大塚澄佳
57%
27 東京大 大3 藤田創世
57%
28 東京大 大3 福本笙一郎
57%
42 慶應義塾大 大1 陳道宏
57%
44 慶應義塾大 大4 廣部裕斗
57%
48 名古屋大 大3 辻竜聖
57%
8 東京大 大4 佐藤壱哉
52%
18 東京大 大3 結城右京
52%
22 北海道大 大3 高山諒大
52%
36 早稲田大 大1 山崎和哉
52%
37 東京大 大2 青池聡一郎
52%
13 神戸大 大3 寺坂拓真
48%
15 一橋大 大4 中尾柊也
48%
23 東京大 大3 山崎貴矢
48%
24 東京大 大4 荻田健太郎
48%
26 東京大 大4 江上大介
48%
34 東京大 大3 塚本颯斗
48%
38 中央大 大3 山口輝
48%
46 横浜国立大 大3 須田匠
48%
25 早稲田大 大3 後地博天
43%
32 北海道大 大4 富所聡一
43%
35 京都大 大2 土山暉人
43%
40 北海道大 大3 桑原悠人
43%
47 京都大 大4 古巻鉄平
43%
30 九州大 大4 岩間拓樹
39%
45 京都大 大3 中本万裕子
39%
No matching quizzes found
Score Distribution
Percent of People with Each Score
Percentile by Number Answered
Your Score History
You have not taken this quiz